<?xml version="1.0" encoding="UTF-8"?>
<record
    xmlns:xsi="http://www.w3.org/2001/XMLSchema-instance"
    xsi:schemaLocation="http://www.loc.gov/MARC21/slim http://www.loc.gov/standards/marcxml/schema/MARC21slim.xsd"
    xmlns="http://www.loc.gov/MARC21/slim">

  <leader>03019cam a2200409   4500500</leader>
  <controlfield tag="005">20250123110925.0</controlfield>
  <datafield tag="041" ind1=" " ind2=" ">
    <subfield code="a">fre</subfield>
  </datafield>
  <datafield tag="042" ind1=" " ind2=" ">
    <subfield code="a">dc</subfield>
  </datafield>
  <datafield tag="100" ind1="1" ind2="0">
    <subfield code="a">Bouleau, Gabrielle</subfield>
    <subfield code="e">author</subfield>
  </datafield>
  <datafield tag="700" ind1="1" ind2="0">
    <subfield code="a"> Carter, Caitr&#xED;ona</subfield>
    <subfield code="e">author</subfield>
  </datafield>
  <datafield tag="700" ind1="1" ind2="0">
    <subfield code="a"> Thomas, Arnaud</subfield>
    <subfield code="e">author</subfield>
  </datafield>
  <datafield tag="245" ind1="0" ind2="0">
    <subfield code="a">Des connaissances aux d&#xE9;cisions&#xA0;: la mise en &#x153;uvre des directives europ&#xE9;ennes sur l&#x2019;eau douce et marine</subfield>
  </datafield>
  <datafield tag="260" ind1=" " ind2=" ">
    <subfield code="c">2018.
							</subfield>
  </datafield>
  <datafield tag="500" ind1=" " ind2=" ">
    <subfield code="a">91</subfield>
  </datafield>
  <datafield tag="520" ind1=" " ind2=" ">
    <subfield code="a">Cet article compare l&#x2019;effet d&#x2019;une forme de &#xAB;&#xA0;participation performative&#xA0;&#xBB; sur la nature et l&#x2019;usage de savoirs lors de la mise en &#x153;uvre de la Directive-cadre sur l&#x2019;eau (DCE) par comparaison avec la mise en &#x153;uvre de la Directive-cadre strat&#xE9;gie milieu marin (DCSMM) en Nouvelle Aquitaine. Les deux directives promeuvent une approche &#xE9;cosyst&#xE9;mique &#xE0; l&#x2019;&#xE9;gard de la participation, mais donnent peu d&#x2019;&#xE9;l&#xE9;ments sur sa mise en pratique. Pour saisir comment les acteurs ont agi, d&#x2019;une fa&#xE7;on comparative, nous mobilisons un nouveau cadre conceptuel (les 4A) qui distingue&#xA0;: (1) l&#x2019;Acquisition des connaissances et des ressources politiques, (2) leur Agr&#xE9;gation, (3) leur usage dans l&#x2019;Argumentation de la d&#xE9;cision et (4) leur Accumulation. Les r&#xE9;sultats montrent comment les diff&#xE9;rentes formes de m&#xE9;diation en lien avec une approche &#xE9;cosyst&#xE9;mique peuvent construire deux nouveaux types de &#xAB;&#xA0;publics&#xA0;&#xBB; dans la gouvernance de l&#x2019;eau.</subfield>
  </datafield>
  <datafield tag="520" ind1=" " ind2=" ">
    <subfield code="a">Coupling practices between knowledge and decisions in participatory water governance: A comparison of WFD and MSFD implementation in FranceThis article compares the effects of &#x201C;performative participation&#x201D; on the nature and use of knowledge in the implementation of the Water Framework Directive (WFD) compared with that of the Marine Strategy Framework Directive (MSFD) in New Aquitaine. Both European directives promote an ecosystem approach to participation, but offer very little detail on how this can be implemented in practice. We apply a new conceptual model (4As) to compare how actors have responded through (1) Acquisition of knowledge and political resources, (2) their Aggregation, (3) Articulation, and (4) Accumulation. Results show how in both cases ecosystem coupling practices shaped knowledge usage and constructed two new types of &#x201C;public&#x201D; in water governance.</subfield>
  </datafield>
  <datafield tag="690" ind1=" " ind2=" ">
    <subfield code="a">d&#xE9;cision</subfield>
  </datafield>
  <datafield tag="690" ind1=" " ind2=" ">
    <subfield code="a">Gironde</subfield>
  </datafield>
  <datafield tag="690" ind1=" " ind2=" ">
    <subfield code="a">golfe de Gascogne</subfield>
  </datafield>
  <datafield tag="690" ind1=" " ind2=" ">
    <subfield code="a">DCSMM</subfield>
  </datafield>
  <datafield tag="690" ind1=" " ind2=" ">
    <subfield code="a">Nouvelle Aquitaine</subfield>
  </datafield>
  <datafield tag="690" ind1=" " ind2=" ">
    <subfield code="a">connaissances</subfield>
  </datafield>
  <datafield tag="690" ind1=" " ind2=" ">
    <subfield code="a">approche &#xE9;cosyst&#xE9;mique</subfield>
  </datafield>
  <datafield tag="690" ind1=" " ind2=" ">
    <subfield code="a">participation</subfield>
  </datafield>
  <datafield tag="690" ind1=" " ind2=" ">
    <subfield code="a">DCE</subfield>
  </datafield>
  <datafield tag="690" ind1=" " ind2=" ">
    <subfield code="a">WFD</subfield>
  </datafield>
  <datafield tag="690" ind1=" " ind2=" ">
    <subfield code="a">Gironde river (France)</subfield>
  </datafield>
  <datafield tag="690" ind1=" " ind2=" ">
    <subfield code="a">MSFD</subfield>
  </datafield>
  <datafield tag="690" ind1=" " ind2=" ">
    <subfield code="a">New Aquitaine (France)</subfield>
  </datafield>
  <datafield tag="690" ind1=" " ind2=" ">
    <subfield code="a">decision</subfield>
  </datafield>
  <datafield tag="690" ind1=" " ind2=" ">
    <subfield code="a">Bay of Biscay</subfield>
  </datafield>
  <datafield tag="690" ind1=" " ind2=" ">
    <subfield code="a">participation</subfield>
  </datafield>
  <datafield tag="690" ind1=" " ind2=" ">
    <subfield code="a">knowledge</subfield>
  </datafield>
  <datafield tag="690" ind1=" " ind2=" ">
    <subfield code="a">ecosystem approach</subfield>
  </datafield>
  <datafield tag="786" ind1="0" ind2=" ">
    <subfield code="n">Participations | 21 | 2 | 2018-12-11 | p. 37-64 | 2034-7650</subfield>
  </datafield>
  <datafield tag="856" ind1="4" ind2="1">
    <subfield code="u">https://shs.cairn.info/revue-participations-2018-2-page-37?lang=fr&amp;redirect-ssocas=7080</subfield>
  </datafield>
  <datafield tag="999" ind1=" " ind2=" ">
    <subfield code="c">776109</subfield>
    <subfield code="d">776109</subfield>
  </datafield>
</record>
